| 000 | 00703nam a2200193 i 4500 | ||
|---|---|---|---|
| 001 | bg | ||
| 245 | 0 |
_aZastosowanie komputerów w dydaktyce '94 : _bIV cykl seminariów zorg. przez PTETiS Oddział w Gdańsku, 1994. |
|
| 260 |
_aGdańsk : _bWydaw. Wydziału Elektrycznego PG, _c1994. |
||
| 490 | 1 |
_aZeszyty Naukowe Wydziału Elektrycznego Politechniki Gdańskiej ; _v6 |
|
| 500 | _aTekst częśc. w jęz. ang. | ||
| 504 | _aBibliogr. przy ref. | ||
| 650 | 9 |
_aKomputery _xstosowanie _xnauczanie |
|
| 830 | _aZeszyty Naukowe Wydziału Elektrycznego Politechniki Gdańskiej ; | ||
| 040 | _cBPK | ||
| 041 | _apol | ||
| 080 | _a681.322:371.3 | ||
| 942 | _cKS | ||
| 008 | s pl f |000 0 pol | ||
| 999 |
_c30462 _d30462 |
||